000 00727nab a2200193 4500
999 _c372329
_d372329
001 90031
003 OSt
005 20230328130551.0
007 tu
008 110905s2000|||||||
040 _aDE-2950
_cDE-2950
245 0 0 _aVon "Tele" zum langen "Kalle".
_bFußball. Der einstige Torhüter Karl-Heinz Wienhold blickt beim traditionellen "Treff der Ehemaligen" des FC Vorwärts im Frankfurter Stadion auf seine Karriere zurück, erinnert an Katastrophen und Lichtblicke /
_cHans Eberhard
264 _c2023
653 _aFrankfurt (Oder)
653 _aFC Vorwärts
653 _aWienhold, Karl-Heinz, Torwart
773 0 _g34. Jahrgang (2023) Nr. 72, 25./26.03.2023, S. 23: mit Foto
_tMärkische Oderzeitung
942 _2z
_cA